=LDR 00000nam 2200000 4500 =001 INLIS000000000007464 =005 20130612095447 =008 ***********************************Ind** =035 ##$$0010-061300000007464 =041 ##$$a Ind =082 ##$$a 2x4.15 =090 ##$$a 2x4.15, Dar h =100 ##$$a Darajat, Zakiah =245 ##$$a Haji ibadah yang unit, Prof. DR. Zakiah Daradjat =260 ##$$a 1995 $b Jakarta =300 ##$$a 96 hlm., 21 cm =650 ##$$a Haji